| 000 | 01065cam a2200265 i 4500 | ||
|---|---|---|---|
| 003 | SA-RiAUC | ||
| 005 | 20250122140625.0 | ||
| 008 | 250121s2002 su g 000 0 ara c | ||
| 040 |
_aSA-JeALM _bara _cSA-RiAUC _erda |
||
| 082 | 0 | 4 | _a255 |
| 090 |
_a255 _b خ ز ي |
||
| 100 | 1 |
_aالخزيم، صالح بن ناصر بن صالح، _d1353 هجري- _eمؤلف. |
|
| 245 | 1 | 0 |
_aأثر تطبيق الشريعة الإسلامية في منع وقوع الجريمة / _cصالح بن ناصر بن صالح الخزيم. |
| 250 | _aالطبعة الأولى. | ||
| 264 | 1 |
_aالقصيم : _bمطابع البكيرية، _c1992 |
|
| 300 |
_a199 صفحة ؛ _c24 سم |
||
| 336 |
_aنص _btxt _2rdacontent _3كتاب |
||
| 337 |
_aبدون وسيط _bn _2rdamedia |
||
| 338 |
_aمجلد _bnc _2rdacarrier |
||
| 650 | 7 |
_aالحدود (شريعة إسلامية) _2aucsh |
|
| 650 | 7 |
_aالعقوبات (فقه إسلامي) _2aucsh |
|
| 650 | 7 |
_aالجريمة والمجرمون _2aucsh |
|
| 942 |
_2ddc _cBOOK _n0 |
||
| 949 |
_aSA-JeALM _d250121 _umohamedma123 _n1 |
||
| 999 |
_c5113 _d5113 |
||